Os anos pré-escolares (Registo nº 199559)

Detalhes MARC
000 -Etiqueta do registo
Valores 00627nam 22002053 4500
100 ## - Dados gerais de processamento
Dados gerais 20251216d u||y0pory50 ba
200 ## - Titulo e menção de responsabilidade
Título próprio Os anos pré-escolares
Primeira menção de responsabilidade Willem Van Der Eyken
Outras menções de responsabilidade tradução Maria Emília F. da Costa Moura
205 ## - Menção da edição
Edição
210 ## - Publicação
Local de publicação Lisboa
Nome do editor Moraes Editores
Data de publicação 1976
215 ## - Descrição física 
Paginação / Volumes 325, [2] p.
Outras indicações físicas encadernado
Dimensões 19 cm
225 ## - Colecção 
Título próprio da colecção Psicologia e pedagogia
606 ## - Nome comum usado como assunto
ID Autoridade 1098
Palavra de ordem Educação
Subdivisão assunto Ensino
675 ## - CDU
Notação 373.29
Edição PT
Língua por
700 ## - Autor principal (pessoa individual)
ID Autoridade 15387
Apelido Eyken
Nome Willem Van Der
702 ## - Autor secundário (pessoa individual)
ID Autoridade 5718
Apelido Moura
Nome Maria Emília Ferros
801 ## - Fonte de origem
País PT
Agência BMMN
Regras de catalogação RPC
830 ## - Notas gerais do catalogador
Criado por Ana
Indexado por Ana
990 ## - Elementos KOHA
Tipo de documento Livro
Exemplares
Situação do levantamento Biblioteca de origem Código de barras Cota Permissão de empréstimo Tipo de documento Forma de aquisição
  Biblioteca Municipal de Montemor-o-Novo 28463 37 VAN|DEP   Livro Compra

Powered by Koha